[Event "Flint (Class B/3)"]
[Site "?"]
[Date "1990.??.??"]
[Round "?"]
[White "Mose, Greg"]
[Black "Rosenberg, Steve"]
[Result "1/2-1/2"]
[WhiteElo "1660"]
[BlackElo "1740"]
[PlyCount "104"]
[EventDate "1990.??.??"]

1. e4 Nf6 2. e5 Nd5 3. d4 d6 4. Nf3 dxe5 5. dxe5 Bf5 6. c4 Nb4 7. Qxd8+ Kxd8 8.
Na3 e6 9. Bg5+ Be7 10. g3 Be4 11. Bxe7+ Kxe7 12. Be2 Bxf3 13. Bxf3 c6 14. O-O
Nd7 15. Rfe1 Nd3 16. Re2 N3xe5 17. Bg2 Rad8 18. Rae1 Ng6 19. Nc2 Nf6 20. f4 Kd7
21. Bh3 Ne7 22. f5 Nxf5 23. Bxf5 exf5 24. Re7+ Kc8 25. Rxf7 Rd7 26. Ree7 Rxe7
27. Rxe7 Rd8 28. Ne3 g6 29. b4 Rd7 30. Re6 Ne4 31. a4 Kc7 32. c5 b6 33. cxb6+
axb6 34. b5 cxb5 35. axb5 Nd6 36. Re5 Rd8 37. Nd5+ Kb8 38. Nxb6 Re8 39. Rxe8+
Nxe8 40. Nc4 Kb7 41. b6 Nf6 42. Kf2 Nd5 43. Kf3 Nxb6 44. Nxb6 Kxb6 45. Kf4 Kc6
46. Ke5 Kd7 47. Kf6 Kd6 48. h4 Kd5 49. h5 Ke4 50. hxg6 hxg6 51. Kxg6 f4 52.
gxf4 Kxf4 1/2-1/2

[Event "Flint (Class B/5)"]
[Site "?"]
[Date "1990.??.??"]
[Round "?"]
[White "Mose, Greg"]
[Black "Anderson, Connie"]
[Result "1-0"]
[WhiteElo "1660"]
[BlackElo "1650"]
[PlyCount "129"]
[EventDate "1990.??.??"]

1. e4 e5 2. Nf3 Nf6 3. Nxe5 d6 4. Nf3 Nxe4 5. d3 Nf6 6. Bg5 Be7 7. Be2 h6 8.
Bh4 Be6 9. Nc3 Nc6 10. d4 d5 11. Bb5 O-O 12. Bxc6 bxc6 13. Ne5 Qe8 14. O-O Bd7
15. Re1 Qd8 16. Qe2 Re8 17. Qa6 Bf5 18. Nxc6 Qd6 19. Nxe7+ Rxe7 20. Qxd6 Rxe1+
21. Rxe1 cxd6 22. Bxf6 gxf6 23. Nxd5 Kg7 24. c4 Be6 25. Nc7 Rc8 26. Nxe6+ fxe6
27. b3 e5 28. h4 h5 29. f3 a5 30. g4 Kg6 31. Kg2 Rh8 32. Kg3 Rd8 33. Rd1 Rc8
34. f4 e4 35. f5+ Kh6 36. gxh5 Kxh5 37. Kf4 Rg8 38. Kxe4 Rg4+ 39. Kd5 Kxh4 40.
Kxd6 Kg5 41. d5 Kxf5 42. Rf1+ Kg5 43. c5 f5 44. c6 Kf6 45. c7 Rg8 46. Rc1 Rc8
47. Kd7 Rf8 48. c8=Q Rxc8 49. Kxc8 Ke5 50. Rd1 Kd6 51. Kb7 f4 52. Kb6 f3 53.
Kxa5 f2 54. b4 Kc7 55. Ka6 Kd6 56. b5 Kc7 57. Ka7 Kc8 58. b6 Kd7 59. b7 Kd6 60.
b8=Q+ Ke7 61. Qe5+ Kf7 62. Rf1 Kg6 63. Rxf2 Kh7 64. Qg3 Kh6 65. Rh2# 1-0

[Event "Detroit (RVO/2)"]
[Site "?"]
[Date "1990.??.??"]
[Round "?"]
[White "Morrow, Chris"]
[Black "Repkin, Victor"]
[Result "1/2-1/2"]
[WhiteElo "1805"]
[BlackElo "2090"]
[PlyCount "47"]
[EventDate "1990.??.??"]

1. e4 e6 2. d4 d5 3. Nd2 c5 4. c3 Nc6 5. Ngf3 cxd4 6. cxd4 Bb4 7. Bd3 dxe4 8.
Bxe4 Nxd4 9. Qa4+ Nc6 10. Bxc6+ bxc6 11. Qxb4 Ba6 12. Qc3 Ne7 13. Nd4 Qd5 14.
N2f3 c5 15. Ne2 Qe4 16. Be3 O-O 17. Rc1 Nf5 18. Qc2 Bd3 19. Qd2 Rfd8 20. Rd1
Rd6 21. Rc1 Ba6 22. Qc2 Bd3 23. Qd2 Ba6 24. Qc2 1/2-1/2

[Event "Detroit (RVO/5)"]
[Site "?"]
[Date "1990.??.??"]
[Round "?"]
[White "Morrow, Chris"]
[Black "Mohammed, Azziem"]
[Result "0-1"]
[WhiteElo "1805"]
[BlackElo "1685"]
[PlyCount "88"]
[EventDate "1990.??.??"]

1. e4 d6 2. d4 Nf6 3. Bd3 Bg4 4. Nf3 Nbd7 5. Be3 e5 6. c3 Be7 7. Qc2 Bxf3 8.
gxf3 c6 9. Rg1 Rg8 10. Nd2 Qc7 11. f4 O-O-O 12. Qa4 b5 13. Qa3 Nb6 14. Bc2 exd4
15. Bxd4 d5 16. Bxb6 axb6 17. Qb3 Qxf4 18. O-O-O Nd7 19. c4 dxc4 20. Qg3 Qxg3
21. hxg3 Bc5 22. Rgf1 Ne5 23. f4 Ng4 24. Nf3 Ne3 25. Rxd8+ Rxd8 26. Re1 Nxc2
27. Kxc2 f6 28. Rd1 Rxd1 29. Kxd1 Kd7 30. Kd2 h5 31. Nh2 Bg1 32. Nf1 g5 33. Kc3
gxf4 34. gxf4 h4 35. a3 h3 36. f5 Kd6 37. a4 Ke5 38. axb5 cxb5 39. Kb4 Kxe4 40.
Kxb5 h2 41. Kxc4 Kf3 42. Nxh2+ Bxh2 43. Kd5 Kf4 44. Ke6 Kg5 0-1

[Event "Detroit (RVO/3)"]
[Site "?"]
[Date "1990.??.??"]
[Round "?"]
[White "Morrow, Chris"]
[Black "Harris, T."]
[Result "1/2-1/2"]
[WhiteElo "1805"]
[BlackElo "2090"]
[PlyCount "86"]
[EventDate "1990.??.??"]

1. e4 c5 2. c3 e5 3. d4 d6 4. dxe5 dxe5 5. Qxd8+ Kxd8 6. Nf3 f6 7. Be3 Nh6 8.
Bxh6 gxh6 9. Bc4 Nd7 10. Nbd2 Be7 11. Rd1 Kc7 12. Nf1 Nb6 13. Bb3 c4 14. Bc2
Be6 15. Ne3 Rad8 16. O-O Bc5 17. Rfe1 Rxd1 18. Nxd1 Nc8 19. Ne3 Ne7 20. h3 Rg8
21. Kh2 Ng6 22. g3 Ne7 23. Kg2 Ng6 24. Kh2 Ne7 25. Kg2 b5 26. Nh2 h5 27. h4 Rd8
28. Nhf1 a5 29. Rd1 Rb8 30. Rb1 b4 31. cxb4 axb4 32. Bd1 c3 33. bxc3 Bxa2 34.
Rb2 Bf7 35. cxb4 Rxb4 36. Rxb4 Bxb4 37. Bf3 Kd6 38. Bd1 Kc5 39. Kf3 Kd4 40. Bc2
Bg6 41. Bb1 Be8 42. Nc2+ Kc5 43. Nxb4 Kxb4 1/2-1/2

[Event "Flint (Class A/1)"]
[Site "?"]
[Date "1990.??.??"]
[Round "?"]
[White "Morris, Jewell"]
[Black "Wolf, P."]
[Result "1-0"]
[WhiteElo "1865"]
[BlackElo "1935"]
[PlyCount "91"]
[EventDate "1990.??.??"]

1. e4 c5 2. Nf3 d6 3. d4 cxd4 4. Nxd4 Nf6 5. Nc3 a6 6. Bg5 e6 7. f4 Be7 8. Qf3
Qc7 9. O-O-O Nbd7 10. g4 O-O 11. Bxf6 Nxf6 12. g5 Nd7 13. h4 b5 14. Bd3 Bb7 15.
h5 b4 16. h6 g6 17. Na4 e5 18. Ne2 Bc6 19. b3 Bxa4 20. bxa4 Qa5 21. Bc4 Rac8
22. Bb3 Nb6 23. Rhg1 Nxa4 24. Rd5 Rc5 25. f5 Rxd5 26. Bxd5 Nc3 27. Nxc3 Qa3+
28. Kd2 Qxc3+ 29. Qxc3 bxc3+ 30. Kxc3 Rc8+ 31. Kb3 gxf5 32. exf5 Kf8 33. g6 Bf6
34. gxf7 Ke7 35. Rg8 Rf8 36. Rg7 e4 37. c4 Be5 38. Rxh7 Bf4 39. Rg7 Bxh6 40.
Rg6 Bd2 41. f6+ Kd7 42. Rg8 Bh6 43. Rg6 Bf4 44. Bxe4 Rxf7 45. Rg7 Ke8 46. Bg6
1-0

[Event "Flint (Class A/3)"]
[Site "?"]
[Date "1990.??.??"]
[Round "?"]
[White "Morris, Jewell"]
[Black "Stefanski, Mark"]
[Result "0-1"]
[WhiteElo "1865"]
[BlackElo "1895"]
[PlyCount "94"]
[EventDate "1990.??.??"]

1. e4 e5 2. Nf3 Nf6 3. Nxe5 Nxe4 4. Qe2 Qe7 5. Qxe4 d6 6. Nc3 Qxe5 7. Be2 Qxe4
8. Nxe4 Bf5 9. d3 Nc6 10. Be3 h6 11. Bf3 Ne5 12. Be2 O-O-O 13. h3 Be7 14. O-O-O
d5 15. Ng3 Bh7 16. Bf4 Bd6 17. Bxe5 Bxe5 18. Bg4+ Kb8 19. Ne2 g5 20. g3 Bg6 21.
Bf3 c6 22. Bg2 Rde8 23. Rde1 Re7 24. f4 Bd6 25. Rhf1 Rhe8 26. Kd1 f5 27. Bf3
Bb4 28. c3 Bd6 29. Kd2 Re3 30. d4 Kc7 31. a3 a5 32. a4 R8e7 33. Rb1 Re8 34. Rf2
R8e7 35. Rg1 Be8 36. g4 fxg4 37. Bxg4 h5 38. Bf3 gxf4 39. Rg5 b5 40. axb5 cxb5
41. Bxh5 Bxh5 42. Rxh5 f3 43. Ng1 Bf4 44. Re5 R3xe5+ 45. Kc2 Re2+ 46. Nxe2
Rxe2+ 47. Rxe2 fxe2 0-1

[Event "Lansing (Jan)"]
[Site "?"]
[Date "1990.??.??"]
[Round "?"]
[White "Morris, Jason"]
[Black "Wysocki, Jason"]
[Result "0-1"]
[WhiteElo "2115"]
[BlackElo "2110"]
[PlyCount "116"]
[EventDate "1990.??.??"]

1. d4 f5 2. e4 fxe4 3. Nc3 Nf6 4. Bg5 Nc6 5. Bxf6 exf6 6. d5 Ne5 7. Nxe4 Nf7 8.
Qd4 Be7 9. g4 Nd6 10. Ng3 c6 11. O-O-O Qb6 12. Qc3 Qxf2 13. Nh3 Qb6 14. Re1 Kd8
15. Bd3 Nb5 16. Bxb5 Qxb5 17. Rxe7 Kxe7 18. Nf5+ Kd8 19. d6 Qe5 20. Qxe5 fxe5
21. Ng5 Rf8 22. Re1 g6 23. Nh6 b6 24. Rxe5 Ba6 25. Ngf7+ Kc8 26. Re7 Bc4 27.
Kd2 Be6 28. Ke3 a5 29. a3 a4 30. Ng5 Ra5 31. Nxe6 Re5+ 32. Kd4 Rxe6 33. Nf7 Rf6
34. Ng5 Rxd6+ 35. Ke3 h6 36. Nf7 Re6+ 37. Rxe6 dxe6 38. Nxh6 Kd7 39. g5 Kd6 40.
Ng4 Rf5 41. Nf6 Rb5 42. h4 Ke7 43. Ng4 Rxb2 44. Ne5 Rxc2 45. Nxg6+ Kf7 46. Ne5+
Kg7 47. h5 b5 48. Kf4 b4 49. h6+ Kh7 50. axb4 a3 51. Nd7 Rf2+ 52. Ke5 Rf5+ 53.
Kxe6 Rxg5 54. Nc5 Rxc5 55. bxc5 a2 56. Kd7 a1=Q 57. Kxc6 Qa8+ 58. Kd7 Qd5+ 0-1

[Event "Lansing (Mini-Swiss.1/3)"]
[Site "?"]
[Date "1990.??.??"]
[Round "?"]
[White "Morris, Jason"]
[Black "Tsemekhman, Vadim"]
[Result "0-1"]
[WhiteElo "2075"]
[BlackElo "2340"]
[PlyCount "62"]
[EventDate "1990.??.??"]

{1/(3)} 1. d4 Nf6 2. c4 e6 3. Nf3 c5 4. d5 exd5 5. cxd5 d6 6. Nc3 g6 7. Nd2 Bg7
8. e4 O-O 9. Be2 Ne8 10. Nc4 f5 11. exf5 Bxf5 12. O-O Na6 13. Bf4 Nac7 14. Ne3
Bc2 15. Qxc2 Rxf4 16. Bd3 Rb8 17. Rae1 b5 18. Ne2 Rf8 19. f4 c4 20. Be4 Nf6 21.
Bf3 Nd7 22. f5 Ne5 23. Nf4 Qg5 24. Be4 Rbe8 25. Ne6 Nxe6 26. fxe6 Rxf1+ 27.
Nxf1 Rf8 28. Qc1 Qf6 29. Ng3 Ng4 30. Ne2 Qf2+ 31. Kh1 Qh4 0-1

[Event "Lansing (Mini-Swiss.2/2)"]
[Site "?"]
[Date "1990.??.??"]
[Round "?"]
[White "Morris, Jason"]
[Black "Baze, Lineas"]
[Result "1-0"]
[WhiteElo "2075"]
[BlackElo "2085"]
[PlyCount "79"]
[EventDate "1990.??.??"]

{2/(2)} 1. d4 Nf6 2. c4 g6 3. Nc3 Bg7 4. e4 d6 5. f3 O-O 6. Be3 e5 7. Nge2 Nc6
8. d5 Ne7 9. Nc1 c5 10. Nd3 Ne8 11. Be2 f5 12. O-O f4 13. Bf2 g5 14. a3 Nf6 15.
b4 b6 16. a4 Bd7 17. a5 h5 18. axb6 axb6 19. Qb3 g4 20. bxc5 bxc5 21. Rxa8 Qxa8
22. Rb1 Rd8 23. Bh4 Ng6 24. Bf2 h4 25. fxg4 Nxg4 26. Bxg4 Bxg4 27. Ne1 Bf6 28.
Nb5 Rb8 29. Qc2 Rd8 30. h3 Bc8 31. Rb2 Rd7 32. Ra2 Qb8 33. Qc1 Rb7 34. Qa1 Rb6
35. Ra8 Qb7 36. Qa7 Rxb5 37. cxb5 Qxa7 38. Rxa7 Ne7 39. b6 c4 40. b7 1-0

[Event "Lansing (Jan)"]
[Site "?"]
[Date "1990.??.??"]
[Round "?"]
[White "Morris, Jason"]
[Black "Bagherabadi, Mohammed"]
[Result "0-1"]
[WhiteElo "2115"]
[BlackElo "2120"]
[PlyCount "106"]
[EventDate "1990.??.??"]

1. d4 Nf6 2. c4 e6 3. Nf3 b6 4. g3 Bb7 5. Bg2 Bb4+ 6. Bd2 Qe7 7. O-O Bxd2 8.
Nfxd2 Bxg2 9. Kxg2 d6 10. e4 Nbd7 11. Nc3 h5 12. h3 Nh7 13. a4 a5 14. Nb5 Ndf8
15. d5 e5 16. Qe2 g5 17. f3 Ng6 18. Qe3 h4 19. g4 Nf4+ 20. Kh2 Nf6 21. Rfb1 O-O
22. b4 Rfc8 23. c5 bxc5 24. bxc5 Nd7 25. cxd6 cxd6 26. Rc1 Nc5 27. Nc4 Ncd3 28.
Rc3 Ra6 29. Rxd3 Rxc4 30. Rc3 Rb4 31. Rc8+ Kg7 32. Qa3 Qf6 33. Ra2 Ne2 34. Qe3
Nd4 35. Nxd4 exd4 36. Qd3 Rab6 37. Kg2 Rb3 38. Qe2 Re3 39. Qd1 Rbb3 40. Rf2
Rbd3 41. Qf1 Qf4 42. Rcc2 Qg3+ 43. Kh1 Rxf3 44. e5 Qxh3+ 45. Qxh3 Rxh3+ 46. Kg2
Rdg3+ 47. Kf1 Rh1+ 48. Ke2 d3+ 49. Kd2 dxc2 50. Kxc2 dxe5 51. d6 Kf8 52. d7 Ke7
53. Rxf7+ Kd8 0-1

[Event "Detroit (MOR/3/32)"]
[Site "?"]
[Date "1990.??.??"]
[Round "?"]
[White "Morenobaca, F."]
[Black "Stinson, A."]
[Result "0-1"]
[WhiteElo "1655"]
[BlackElo "1605"]
[PlyCount "37"]
[EventDate "1990.??.??"]

{3/(32)} 1. d4 d5 2. e3 Nf6 3. Bd3 Nc6 4. c3 e5 5. Nd2 e4 6. Bc2 Bd6 7. f3 Bf5
8. Ne2 Qe7 9. O-O h5 10. fxe4 Bxe4 11. Nxe4 Nxe4 12. Nf4 g6 13. Nxd5 Bxh2+ 14.
Kxh2 Qd6+ 15. Nf4 Nf6 16. e4 Ng4+ 17. Kg1 O-O-O 18. e5 Qf8 19. Nh3 {[Remainder
illegible; 0-1, 47?]} 0-1

[Event "Detroit (MOR/6/36)"]
[Site "?"]
[Date "1990.??.??"]
[Round "?"]
[White "Morenobaca, F."]
[Black "Smeckert, Dennis"]
[Result "1-0"]
[WhiteElo "1655"]
[BlackElo "1605"]
[PlyCount "63"]
[EventDate "1990.??.??"]

{6/(36)} 1. d4 d5 2. e3 Nf6 3. Bd3 e6 4. f4 c5 5. c3 cxd4 6. exd4 Bd6 7. Nf3
Qc7 8. Ne5 O-O 9. Nd2 Nfd7 10. O-O f5 11. g4 Nxe5 12. fxe5 Be7 13. gxf5 exf5
14. Qh5 g6 15. Qh6 Bd8 16. Nf3 Qg7 17. Qh3 Qd7 18. Bf4 b6 19. Rae1 Ba6 20. Bxa6
Nxa6 21. e6 Qe7 22. Bg5 Rf6 23. Rf2 Qe8 24. Bxf6 Bxf6 25. Rg2 Kh8 26. Nh4 Bxh4
27. Qxh4 Rc8 28. Qf6+ Kg8 29. Qxf5 Nc5 30. dxc5 Rxc5 31. Qf6 d4 32. Qxd4 1-0

[Event "Detroit (MOR/1a/19)"]
[Site "?"]
[Date "1990.??.??"]
[Round "?"]
[White "Morenobaca, F."]
[Black "Ladomer, W."]
[Result "1-0"]
[WhiteElo "1655"]
[BlackElo "1605"]
[PlyCount "135"]
[EventDate "1990.??.??"]

1. d4 Nf6 2. e3 d5 3. Bd3 Nc6 4. f4 Bg4 5. Nf3 e6 6. c3 Bd6 7. O-O O-O 8. Nbd2
h6 9. Qc2 Qd7 10. Ne5 Bxe5 11. fxe5 Ne4 12. Nxe4 dxe4 13. Bxe4 f5 14. exf6 gxf6
15. Bg6 f5 16. h3 Bxh3 17. gxh3 Qg7 18. Rf2 Rf6 19. Rg2 Rxg6 20. Rxg6 Qxg6+ 21.
Qg2 Qxg2+ 22. Kxg2 Na5 23. b3 b5 24. Bd2 Nb7 25. e4 Nd6 26. exf5 exf5 27. Bxh6
Ne4 28. c4 Kh7 29. Bf4 c6 30. cxb5 cxb5 31. Rc1 Rg8+ 32. Kf3 Ng5+ 33. Bxg5 Rxg5
34. Rc7+ Kh6 35. Rxa7 Rg6 36. Rb7 Rd6 37. Rxb5 Rxd4 38. Rxf5 Rd2 39. Ra5 Rd3+
40. Ke4 Rxh3 41. Rb5 Kg6 42. a4 Kf6 43. a5 Rh4+ 44. Kd5 Ke7 45. Kc6 Kd8 46.
Rb8+ Ke7 47. a6 Rh6+ 48. Kb7 Kd6 49. a7 Rh7+ 50. Kb6 Rh3 51. a8=Q Rxb3+ 52. Ka5
Ra3+ 53. Kb4 Rxa8 54. Rxa8 Kd5 55. Rc8 Kd6 56. Kb5 Kd7 57. Rc6 Ke7 58. Kc5 Kd7
59. Ra6 Ke7 60. Kd5 Kf7 61. Ke5 Kg7 62. Rf6 Kh7 63. Kf5 Kg7 64. Kg5 Kh7 65.
Rf7+ Kh8 66. Kg6 Kg8 67. Rf6 Kh8 68. Rf8# 1-0

[Event "Detroit (MOR/7/8)"]
[Site "?"]
[Date "1990.??.??"]
[Round "?"]
[White "Moore, Robert"]
[Black "Shaler, S."]
[Result "1/2-1/2"]
[WhiteElo "1735"]
[BlackElo "1680"]
[PlyCount "90"]
[EventDate "1990.??.??"]

{7/(8)} 1. e4 d6 2. d4 Nf6 3. Nc3 g6 4. Bc4 Bg7 5. Nf3 Nc6 6. h3 Nxe4 7. Bxf7+
Kxf7 8. Nxe4 Rf8 9. c3 Kg8 10. O-O b6 11. Bg5 Rf7 12. Qe2 Qf8 13. Bh4 h6 14.
Nh2 a5 15. Qe3 e5 16. d5 Ne7 17. Bxe7 Qxe7 18. b3 Bf5 19. Ng3 a4 20. Nxf5 Rxf5
21. Qe4 Qe8 22. g3 axb3 23. axb3 Qf8 24. f3 h5 25. h4 Bh6 26. Kg2 Bd2 27. c4
Bc3 28. Rxa8 Qxa8 29. g4 Rf6 30. Qc2 Bd4 31. f4 Qf8 32. Nf3 Rxf4 33. Qxg6+ Qg7
34. Qxg7+ Kxg7 35. gxh5 Kh6 36. Nxd4 Rxf1 37. Kxf1 exd4 38. Ke2 Kxh5 39. Kd3
Kxh4 40. Kxd4 Kg5 41. Kc3 Kf6 42. Kb4 Ke7 43. Kb5 Kd7 44. Ka6 Kc8 45. Ka7 Kd7
1/2-1/2

[Event "Detroit (MOR/3/47)"]
[Site "?"]
[Date "1990.??.??"]
[Round "?"]
[White "Moore, Robert"]
[Black "Sanborn, Neil"]
[Result "1-0"]
[WhiteElo "1735"]
[BlackElo "1605"]
[PlyCount "81"]
[EventDate "1990.??.??"]

{3/(47)} 1. e4 e5 2. Nf3 Nf6 3. d4 Nxe4 4. dxe5 d5 5. Be2 f6 6. exf6 Qxf6 7.
Qxd5 Qc6 8. Bb5 Bd7 9. Bxc6 Bxc6 10. Qe5+ Be7 11. O-O Nd7 12. Qxc7 O-O 13. Nc3
Rac8 14. Qe5 Nxc3 15. Qxc3 Bxf3 16. Qb3+ Kh8 17. gxf3 Rf5 18. Qxb7 Rcf8 19.
Qxd7 Bh4 20. Be3 Rxf3 21. Qg4 Be7 22. Rae1 Bb4 23. Bd4 R3f7 24. c3 Bd6 25. Re6
Bc7 26. Rfe1 Kg8 27. Re8 Bd6 28. Rxf8+ Bxf8 29. Re8 g6 30. h4 Re7 31. Rxe7 Bxe7
32. Qe6+ Kf8 33. Bf6 Bxf6 34. Qxf6+ Ke8 35. c4 Kd7 36. c5 Kc7 37. Qd6+ Kb7 38.
a4 Kc8 39. c6 a5 40. Qd7+ Kb8 41. Qb7# 1-0

[Event "Detroit (RVO/2)"]
[Site "?"]
[Date "1990.??.??"]
[Round "?"]
[White "Moore, Robert"]
[Black "Rosebrook, G."]
[Result "1-0"]
[WhiteElo "1735"]
[BlackElo "1605"]
[PlyCount "133"]
[EventDate "1990.??.??"]

1. e4 Nf6 2. e5 Nd5 3. c4 Nf4 4. d4 Ne6 5. Nf3 c5 6. d5 Nd4 7. Nxd4 cxd4 8.
Qxd4 e6 9. d6 Nc6 10. Qe4 Qa5+ 11. Bd2 Qxe5 12. Qxe5 Nxe5 13. c5 Nc6 14. Nc3 a6
15. Be2 Nd4 16. Bd3 Rb8 17. Na4 g6 18. Ba5 f5 19. Bc7 Ra8 20. Nb6 Nc6 21. Nxa8
b5 22. f3 Bg7 23. Rb1 Nb4 24. Kd2 Bd4 25. Bb6 Bb7 26. Nc7+ Kf7 27. a3 Nc6 28.
Rhe1 h5 29. b3 h4 30. h3 Bf2 31. Re2 Bg3 32. a4 Bf4+ 33. Kd1 Nb4 34. Bc2 Rh5
35. axb5 axb5 36. Ba5 Nc6 37. Bc3 Bh6 38. b4 Bf4 39. Ra1 g5 40. Nxb5 g4 41. Nd4
gxh3 42. gxh3 Rg5 43. Nxc6 Bxc6 44. Rf2 Rg3 45. Bd3 Rxh3 46. Ke2 Rg3 47. Rh1
Bg5 48. Be5 f4 49. Rhh2 Ke8 50. Bg6+ Kd8 51. Bc3 Kc8 52. Bh5 Bb5+ 53. Kd2 Kb7
54. Bg4 Rg1 55. Rhg2 Rb1 56. Bxe6 dxe6 57. Rxg5 Ba4 58. Kd3 Kc6 59. Rh2 Bb5+
60. Ke4 Rc1 61. Rg7 Bc4 62. Kd4 Bd5 63. Rxh4 Rd1+ 64. Ke5 Rd3 65. Bd4 Rb3 66.
d7 Kc7 67. d8=Q+ 1-0

[Event "Detroit (MOR/1b/7)"]
[Site "?"]
[Date "1990.??.??"]
[Round "?"]
[White "Moore, Robert"]
[Black "Miller, Dan"]
[Result "1/2-1/2"]
[WhiteElo "1735"]
[BlackElo "1605"]
[PlyCount "92"]
[EventDate "1990.??.??"]

1. e4 e5 2. Nf3 Nc6 3. Bb5 d6 4. h3 Bd7 5. O-O Nf6 6. Re1 Be7 7. c3 O-O 8. d4
exd4 9. cxd4 a6 10. Ba4 b5 11. Bc2 Nb4 12. Bb3 c5 13. dxc5 dxc5 14. e5 Ne8 15.
a3 c4 16. axb4 Bxb4 17. Bc2 Bxe1 18. Qxe1 Bc6 19. Nc3 Bxf3 20. gxf3 Nc7 21. Qe4
g6 22. Bh6 Re8 23. f4 Qh4 24. Bg5 Qxh3 25. Ne2 Ne6 26. Ra3 Nxg5 27. Rxh3 Nxe4
28. Bxe4 Rad8 29. Nc3 Rd2 30. Nd5 Rd8 31. Nf6+ Kf8 32. Ra3 Rxb2 33. Rxa6 c3 34.
Rc6 b4 35. Nd5 Rxd5 36. Bxd5 c2 37. Kg2 b3 38. Be4 Rb1 39. Bxc2 bxc2 40. Rxc2
Rb4 41. Kg3 Ke7 42. Rc6 Re4 43. Kf3 Re1 44. Kg2 Re4 45. Rf6 Re1 46. Rb6 Re4
1/2-1/2

[Event "Flint (Class B/5)"]
[Site "?"]
[Date "1990.??.??"]
[Round "?"]
[White "Moore, Robert"]
[Black "McCarter, Robert"]
[Result "1/2-1/2"]
[WhiteElo "1765"]
[BlackElo "1705"]
[PlyCount "47"]
[EventDate "1990.??.??"]

1. e4 c5 2. Nf3 Nc6 3. d4 cxd4 4. Nxd4 e5 5. Nb3 Bb4+ 6. c3 Be7 7. Be3 Nf6 8.
N1d2 O-O 9. Bc4 d5 10. exd5 Nxd5 11. Qf3 Nxe3 12. Qxe3 Qd6 13. O-O Rd8 14. Ne4
Qg6 15. Rad1 Bf5 16. Ng3 Bc2 17. Rd2 Bg5 18. Rxd8+ Rxd8 19. Qe2 Bxb3 20. Bxb3
a6 21. Rd1 Rxd1+ 22. Qxd1 Qf6 23. Ne4 Qe7 24. Nxg5 1/2-1/2

[Event "Flint (Class B/3)"]
[Site "?"]
[Date "1990.??.??"]
[Round "?"]
[White "Moore, Robert"]
[Black "Gregory, Kevin"]
[Result "1/2-1/2"]
[WhiteElo "1765"]
[BlackElo "1720"]
[PlyCount "74"]
[EventDate "1990.??.??"]

1. e4 c6 2. d4 d5 3. e5 Bf5 4. Nf3 e6 5. Bd3 Bxd3 6. Qxd3 Qa5+ 7. Bd2 Qa6 8.
Qxa6 Nxa6 9. O-O c5 10. c3 Ne7 11. g4 cxd4 12. cxd4 Rc8 13. Nc3 Nc6 14. a3 Na5
15. Bg5 Nb3 16. Rad1 Bxa3 17. Nb5 Be7 18. Rd3 Na5 19. Nxa7 Rc4 20. Bd2 Nc6 21.
Nxc6 Rxc6 22. Rb3 b6 23. Rc1 Kd7 24. Rxc6 Kxc6 25. Ng5 Bxg5 26. Bxg5 Rc8 27.
Rc3+ Kb7 28. Be7 Rxc3 29. bxc3 Kc6 30. Bf8 g6 31. Kf1 Kb5 32. Ke2 Kc4 33. Kd2
Nb8 34. Bd6 Nc6 35. Bc7 b5 36. Bb6 b4 37. cxb4 Nxb4 1/2-1/2

[Event "Detroit (MOR/5/19)"]
[Site "?"]
[Date "1990.??.??"]
[Round "?"]
[White "Moore, Robert"]
[Black "Collins, Devontia"]
[Result "1-0"]
[WhiteElo "1735"]
[BlackElo "1605"]
[PlyCount "59"]
[EventDate "1990.??.??"]

{5/(19)} 1. e4 d5 2. exd5 Qxd5 3. Nc3 Qd8 4. Bc4 Nf6 5. Nf3 g6 6. O-O Bg7 7. h3
O-O 8. d3 Bf5 9. Re1 Nc6 10. Bf4 a6 11. a3 Rc8 12. Qd2 Qd7 13. Kh2 Nd8 14. Qe3
Nc6 15. Rad1 Bg4 16. Ne4 Nxe4 17. dxe4 Bd4 18. Rxd4 Nxd4 19. Ne5 Qd8 20. Nxg4
Ne6 21. Qc3 h5 22. Bh6 Qd4 23. Qxd4 Nxd4 24. Bxf8 Rxf8 25. Ne3 Nc6 26. Rd1 Ne5
27. Bb3 Ra8 28. Nd5 c6 29. Nb6 Re8 30. f4 1-0

[Event "Flint (Class B/1)"]
[Site "?"]
[Date "1990.??.??"]
[Round "?"]
[White "Moore, Robert"]
[Black "Carpenter, George"]
[Result "1/2-1/2"]
[WhiteElo "1765"]
[BlackElo "1605"]
[PlyCount "84"]
[EventDate "1990.??.??"]

1. e4 d6 2. d4 Nf6 3. Nc3 g6 4. Nf3 Bg7 5. Bc4 O-O 6. O-O c6 7. Bb3 Nbd7 8. e5
dxe5 9. dxe5 Ng4 10. e6 Nc5 11. exf7+ Kh8 12. h3 Nxb3 13. axb3 Qxd1 14. Rxd1
Ne5 15. Nxe5 Bxe5 16. Bh6 Bg7 17. Bg5 Bf6 18. Bh6 Bg7 19. Bxg7+ Kxg7 20. Ne4
Bf5 21. Re1 Bxe4 22. Rxe4 Rxf7 23. Rd1 Re8 24. Rd7 e6 25. Rd2 e5 26. c4 Kf6 27.
g4 Kg5 28. Kg2 h5 29. Rde2 hxg4 30. hxg4 Ref8 31. Rxe5+ Kxg4 32. R2e4+ Rf4 33.
f3+ Kh4 34. Rxf4+ Rxf4 35. Re7 b5 36. cxb5 cxb5 37. Re3 Rd4 38. Kf2 Rd2+ 39.
Re2 Rxe2+ 40. Kxe2 Kg5 41. Ke3 Kf5 42. f4 a6 1/2-1/2

[Event "Lansing (MI Am/1/28)"]
[Site "?"]
[Date "1990.??.??"]
[Round "?"]
[White "Moore, H."]
[Black "Ward, Tim"]
[Result "1/2-1/2"]
[WhiteElo "1605"]
[BlackElo "1820"]
[PlyCount "58"]
[EventDate "1990.??.??"]

{1/(28)} 1. d4 e6 2. e3 d5 3. Bd3 c5 4. c3 Nc6 5. Nd2 Nf6 6. f4 cxd4 7. cxd4
Bb4 8. Qf3 Qb6 9. Nh3 Bxd2+ 10. Bxd2 Qxb2 11. Ke2 Ne4 12. Bxe4 dxe4 13. Qxe4
Qb5+ 14. Kf3 f5 15. Qc2 Bd7 16. Rhb1 Rc8 17. Kg3 Nxd4 18. Qxc8+ Bxc8 19. Rxb5
Nxb5 20. a4 Nd6 21. Nf2 Bd7 22. Bb4 Ne4+ 23. Nxe4 fxe4 24. Rc1 Bc6 25. a5 Kd7
26. Rc5 Bd5 27. f5 Rc8 28. fxe6+ Bxe6 29. Kf4 Rxc5 1/2-1/2

[Event "Flint (MI Senior/4/8)"]
[Site "?"]
[Date "1990.??.??"]
[Round "?"]
[White "Moore, H."]
[Black "Rodebrook, G."]
[Result "1-0"]
[WhiteElo "1605"]
[BlackElo "1605"]
[PlyCount "33"]
[EventDate "1990.??.??"]

{4/(8)} 1. e4 c5 2. c3 Nf6 3. e5 Nd5 4. d4 e6 5. Nf3 Be7 6. Bd3 O-O 7. Qc2 g6
8. Bh6 Re8 9. h4 d6 10. h5 Nb4 11. cxb4 cxd4 12. a3 dxe5 13. hxg6 f5 14. gxh7+
Kh8 15. Nxe5 Kxh7 16. Qe2 Bf6 17. Qh5 1-0

[Event "Detroit (MOR/5/43)"]
[Site "?"]
[Date "1990.??.??"]
[Round "?"]
[White "Moore, H."]
[Black "Needleman, Andrew"]
[Result "0-1"]
[WhiteElo "1605"]
[BlackElo "1605"]
[PlyCount "82"]
[EventDate "1990.??.??"]

{5/(43)} 1. d4 d5 2. e3 Nf6 3. Bd3 g6 4. Nd2 Bg7 5. f4 Bg4 6. Ngf3 Nc6 7. c3
Qd6 8. O-O O-O-O 9. Qc2 Nd7 10. Ne5 Be6 11. b3 f6 12. Nxc6 Qxc6 13. a4 Bg8 14.
a5 e5 15. a6 b6 16. f5 e4 17. Be2 gxf5 18. b4 Bh6 19. b5 Bxe3+ 20. Kh1 Qe6 21.
c4 Bxd4 22. cxd5 Qxd5 23. Ra4 Qc5 24. Nc4 Be6 25. Ba3 Qd5 26. Nd6+ Kb8 27. Bc4
Qe5 28. Bxe6 Nc5 29. Nf7 Qxe6 30. Nxd8 Rxd8 31. Bxc5 Bxc5 32. Raa1 Qe5 33. Rad1
Bd6 34. g3 Rg8 35. Qc6 Kc8 36. Qa8+ Kd7 37. Qxg8 e3 38. Qxh7+ Kd8 39. Qg8+ Kd7
40. Qf7+ Kd8 41. Rxd6+ cxd6 0-1

[Event "Detroit (MOR/2/37)"]
[Site "?"]
[Date "1990.??.??"]
[Round "?"]
[White "Moore, H."]
[Black "McCarter, Robert"]
[Result "0-1"]
[WhiteElo "1605"]
[BlackElo "1745"]
[PlyCount "78"]
[EventDate "1990.??.??"]

{2/(37)} 1. d4 Nf6 2. e3 d5 3. Bd3 g6 4. Nd2 Bg7 5. f4 O-O 6. Ngf3 b6 7. c3 Ba6
8. Bc2 Nbd7 9. Ne5 c5 10. Nc6 Qe8 11. Nf3 Rc8 12. Nce5 cxd4 13. exd4 e6 14. Bd3
Bxd3 15. Qxd3 Nxe5 16. Nxe5 Ne4 17. O-O f6 18. Nf3 Qd7 19. Nh4 Rfe8 20. Qh3 Rc7
21. Nf3 Rec8 22. Bd2 Rc6 23. Be1 Bf8 24. b4 Qg7 25. Kh1 Qh6 26. Nh4 g5 27. fxg5
fxg5 28. Qf3 R6c7 29. Nf5 exf5 30. Qxf5 Qd6 31. Rf3 h6 32. Bg3 Nxg3+ 33. Rxg3
Bg7 34. Qd3 Rf8 35. Re1 Rcf7 36. Rge3 Rf2 37. Rh3 Qf4 38. Qg3 Rf1+ 39. Rxf1
Qxf1# 0-1

[Event "Lansing (MI Am/4/26)"]
[Site "?"]
[Date "1990.??.??"]
[Round "?"]
[White "Moore, H."]
[Black "June, Brian"]
[Result "0-1"]
[WhiteElo "1605"]
[BlackElo "1745"]
[PlyCount "56"]
[EventDate "1990.??.??"]

{4/(26)} 1. d4 Nf6 2. e3 d5 3. Bd3 c5 4. c3 Nc6 5. Nd2 Bg4 6. f3 Bd7 7. f4 Qc7
8. Qf3 Bg4 9. Qg3 cxd4 10. cxd4 Nb4 11. Bb5+ Bd7 12. Be2 Nc2+ 13. Kf1 Nxa1 14.
Ngf3 Qxc1+ 15. Kf2 Qxh1 16. Bf1 Rc8 17. f5 Bxf5 18. Ne5 Rc2 19. Bb5+ Nd7 20.
Ke2 a6 21. Ba4 Qc1 22. Kf3 Rxd2 23. Kf4 Qf1+ 24. Nf3 g6 25. Kg5 h6+ 26. Kh4 g5+
27. Kh5 b5 28. Qc7 Nf6# 0-1